000 00684nam a2200277Ia 4500
005 20260324134021.0
008 008 260324s9999 xx 000 0 eng d
020 _a9780429119224
037 _aEBOOK
040 _aCRL
040 _beng
040 _cCRL
041 _2eng
041 _aeng
084 _qCRL
100 _aHelena Geys; Geert Molenberghs; Louise M. Ryan; Marc Aerts
_91195262
245 0 _aTopics in Modelling of Clustered Data
260 _bTaylor and Francis
260 _c2002
365 _a
365 _b340
856 _uhttp://www.taylorfrancis.com/books/9780429119224
942 _cEBOOK
999 _c1794892
_d1794892